000 00369nam a2200157 4500
020 _a9789386560223
082 _aM301
_bBON/D
100 _aBony Thomas
245 _aDog space/
_cby Bony Thomas
260 _aKottayam:
_bD C Books,
_c2017
300 _a136p.
650 _aStories Malayalam
650 _aLiterature Malayalam
650 _aLiterature
942 _cBK
999 _c181551
_d181551